| 000 | 00965nac a22002897a 4500 | ||
|---|---|---|---|
| 001 | BR8900285 | ||
| 003 | BR-BrBNA | ||
| 005 | 20240105120914.0 | ||
| 008 | 230509b bl.|||m| |||| 00| 0 por d | ||
| 040 |
_aBR-BrBNA _bpor _cBiblioteca Nacional de Agricultura |
||
| 072 | _aF06; N20 | ||
| 090 | _a4630 BR8900285 | ||
| 100 | 1 | _aSoares, J.M. | |
| 100 | 1 | _aSouza, C.A.L. de | |
| 110 | 1 | _aCentro de Pesquisa Agropecuaria do Tropico Semi-Arido, Petrolina, PE (Brasil) | |
| 245 | 1 | _aSistemas de irrigacao por tubos janelados | |
| 246 | 1 | _a[Irrigation systems through tubes] | |
| 260 | 3 |
_aPetrolina, PE (Brasil): _c1988. |
|
| 300 | _a11 p. | ||
| 490 |
_aPesquisa em Andamento - Centro de Pesquisa Agropecuaria do Tropico Semi-Arido (Brazil) _vno. 52 _xISSN 0100-6118 |
||
| 500 | _a13 illus. | ||
| 650 | _aIRRIGACAO | ||
| 650 | _aEQUIPAMENTO DE IRRIGACAO | ||
| 650 | _aPETROLINA | ||
| 909 |
_a202312 _bLúcia Elande _c55 _dLúcia Elande |
||
| 942 |
_2AGRIS _n0 _cMS |
||
| 999 |
_c282109 _d282109 |
||